000 00338nam a2200145Ia 4500
005 20251222175935.0
008 251222s9999||||xx |||||||||||||| ||spa||
020 _a9788492833542
082 _a791.437.2/S73
100 _aSparks, Nicholas
245 0 _aNoches de Tormenta
250 _a1ra.ed.
264 _bRocaBolsillo
942 _cLIB
999 _c41171
_d41171